[Event "SWE-chT2 0708"]
[Site "Sweden"]
[Date "2007.10.21"]
[Round "2"]
[White "Sternlund, Hakan"]
[Black "Sanden, Stefan"]
[Result "1/2-1/2"]
[WhiteElo "2224"]
[BlackElo "2327"]
[PlyCount "85"]
[EventDate "2007.10.20"]
[EventType "team-tourn"]
[EventRounds "9"]
[EventCountry "SWE"]
[SourceTitle "EXT 2009"]
[Source "ChessBase"]
[SourceDate "2008.11.26"]
[SourceVersion "1"]
[SourceVersionDate "2008.11.26"]
[SourceQuality "1"]
[WhiteTeam "Vastervik"]
[BlackTeam "Passanten"]
[WhiteTeamCountry "SWE"]
[BlackTeamCountry "SWE"]

1. c4 c5 2. Nc3 Nc6 3. Nf3 g6 4. e3 Bg7 5. d4 d6 6. d5 Ne5 7. Nxe5 dxe5 8. e4 Nf6 9. Be3 b6 10. Be2 0-0 11. a3 Bd7 12. b4 Rc8 13. 0-0 Ne8 14. f3 Nd6 15. bxc5 bxc5 16. a4 f5 17. a5 h5 18. Qc1 Kh7 19. Qa3 Qc7 20. Bd3 Bh6 21. Bf2 Bd2 22. Rfd1 Bf4 23. Rab1 h4 24. Nb5 Bxb5 25. cxb5 c4 26. Bc2 fxe4 27. Qc3 exf3 28. gxf3 Qd7 29. Kg2 Nxb5 30. Qe1 h3+ 31. Kh1 Nd6 32. Bg3 Nf5 33. Bxf4 exf4 34. Qe4 Rf6 35. Qxf4 c3 36. a6 Qd6 37. Qg4 Rcf8 38. f4 Qxa6 39. Qxh3+ Kg7 40. Qxc3 Qe2 41. Re1 Qg4 42. Bxf5 Qxf5 43. Rxe7+ 1/2-1/2

[Event "SWE-chT 0405"]
[Site "Sweden"]
[Date "2005.??.??"]
[Round "7"]
[White "Wessman, Richard"]
[Black "Sanden, Stefan"]
[Result "1-0"]
[WhiteElo "2500"]
[BlackElo "2324"]
[PlyCount "39"]
[EventDate "2004.11.05"]
[EventType "team-tourn"]
[EventRounds "11"]
[EventCountry "SWE"]
[SourceTitle "EXT 2006"]
[Source "ChessBase"]
[SourceDate "2005.11.24"]
[SourceVersion "1"]
[SourceVersionDate "2005.11.24"]
[SourceQuality "1"]
[WhiteTeam "Stockholm Rockaden"]
[BlackTeam "Passanten"]
[WhiteTeamCountry "SWE"]
[BlackTeamCountry "SWE"]

1. d4 Nf6 2. c4 g6 3. g3 c5 4. Nf3 Bg7 5. Bg2 0-0 6. 0-0 cxd4 7. Nxd4 Nc6 8. Nc3 d6 9. Nxc6 bxc6 10. Bxc6 Rb8 11. Bg2 Qa5 12. Nb5 Ng4 13. Bd2 Qa6 14. Bg5 f6 15. Bf4 Kh8 16. b3 f5 17. a4 Bxa1 18. Qxa1+ Nf6 19. c5 Rxb5 20. axb5 1-0

[Event "SWE-chT 0405"]
[Site "Sweden"]
[Date "2004.??.??"]
[Round "1"]
[White "Sanden, Stefan"]
[Black "Josefsson, Kenneth"]
[Result "1-0"]
[WhiteElo "2324"]
[BlackElo "2007"]
[PlyCount "143"]
[EventDate "2004.11.05"]
[EventType "team-tourn"]
[EventRounds "11"]
[EventCountry "SWE"]
[SourceTitle "EXT 2006"]
[Source "ChessBase"]
[SourceDate "2005.11.24"]
[SourceVersion "1"]
[SourceVersionDate "2005.11.24"]
[SourceQuality "1"]
[WhiteTeam "Passanten"]
[BlackTeam "Astorp"]
[WhiteTeamCountry "SWE"]
[BlackTeamCountry "SWE"]

1. e4 e5 2. Nf3 Nc6 3. Bb5 a6 4. Ba4 d6 5. 0-0 Bd7 6. c3 Nf6 7. Re1 Qe7 8. d4 g6 9. Nbd2 Bg7 10. Nf1 0-0 11. Ng3 Qe8 12. Bc2 Kh8 13. h3 Rd8 14. Bg5 h6 15. Be3 Ng8 16. Qe2 Nce7 17. dxe5 dxe5 18. Bc5 Be6 19. Bb3 Qc6 20. Bxe6 Qxe6 21. b3 Rd7 22. Ba3 Rfd8 23. Rad1 Kh7 24. Rxd7 Qxd7 25. Nf1 Qd3 26. Qxd3 Rxd3 27. Re3 Rd7 28. Re2 Nc6 29. Rd2 Rxd2 30. N1xd2 Nf6 31. Kf1 Kg8 32. Ke2 Bf8 33. Bb2 Bd6 34. c4 Nd7 35. Ne1 f6 36. Nd3 Nc5 37. Nxc5 Bxc5 38. f3 Nd4+ 39. Kd3 Ne6 40. g3 Bf2 41. Nf1 h5 42. Ke2 Bc5 43. h4 Nd4+ 44. Bxd4 Bxd4 45. g4 g5 46. hxg5 h4 47. gxf6 Kf7 48. g5 Kg6 49. f4 exf4 50. Nh2 h3 51. Nf3 Bg1 52. Kf1 Bc5 53. a3 a5 54. b4 axb4 55. axb4 Bxb4 56. Kg1 c6 57. Kh2 b5 58. cxb5 cxb5 59. Kxh3 Bc3 60. Kg4 b4 61. Nh4+ Kf7 62. Kf5 b3 63. g6+ Kg8 64. g7 b2 65. Ng6 Kf7 66. Ne7 Bxf6 67. g8Q+ Kxe7 68. Qb3 Bc3 69. e5 f3 70. Qb7+ Kd8 71. Ke6 b1Q 72. Qd7# 1-0

[Event "SWE-chT 0203"]
[Site "Sweden"]
[Date "2003.03.01"]
[Round "8"]
[White "Wieweg, Johnny"]
[Black "Sanden, Stefan"]
[Result "0-1"]
[WhiteElo "2216"]
[BlackElo "2315"]
[PlyCount "44"]
[EventDate "2002.10.11"]
[EventType "team-tourn"]
[EventRounds "11"]
[EventCountry "SWE"]
[SourceTitle "EXT 2004"]
[Source "ChessBase"]
[SourceDate "2003.11.25"]
[SourceVersion "1"]
[SourceVersionDate "2003.11.25"]
[SourceQuality "1"]
[WhiteTeam "Farsta"]
[BlackTeam "Passanten"]
[WhiteTeamCountry "SWE"]
[BlackTeamCountry "SWE"]

1. e4 c5 2. Nf3 e6 3. c3 d5 4. e5 Nc6 5. d4 Qb6 6. Be2 Nh6 7. b3 cxd4 8. cxd4 Nf5 9. Bb2 Bb4+ 10. Kf1 Be7 11. Nc3 a5 12. Na4 Qa7 13. Rc1 0-0 14. h4 Nh6 15. g3 f6 16. Kg2 fxe5 17. dxe5 Bd7 18. Rf1 Rac8 19. a3 Nf5 20. Bd3 Kh8 21. Ng5 g6 22. f4 Ne3+ 0-1

[Event "SWE-chT 0203"]
[Site "Sweden"]
[Date "2002.10.13"]
[Round "3"]
[White "Sanden, Stefan"]
[Black "Eksmyr, Johan"]
[Result "1/2-1/2"]
[WhiteElo "2315"]
[BlackElo "2190"]
[PlyCount "110"]
[EventDate "2002.10.11"]
[EventType "team-tourn"]
[EventRounds "11"]
[EventCountry "SWE"]
[SourceTitle "EXT 2004"]
[Source "ChessBase"]
[SourceDate "2003.11.25"]
[SourceVersion "1"]
[SourceVersionDate "2003.11.25"]
[SourceQuality "1"]
[WhiteTeam "Passanten"]
[BlackTeam "Eksjo"]
[WhiteTeamCountry "SWE"]
[BlackTeamCountry "SWE"]

1. e4 c6 2. d4 d5 3. Nd2 dxe4 4. Nxe4 Nd7 5. Bc4 Ngf6 6. Ng5 e6 7. Qe2 Nb6 8. Bd3 c5 9. dxc5 Bxc5 10. N1f3 h6 11. Ne4 Be7 12. Bd2 Nxe4 13. Bxe4 Bf6 14. Rd1 Nd7 15. c3 Qc7 16. 0-0 Nc5 17. Bc2 Bd7 18. Rfe1 Bc6 19. Ne5 Bxe5 20. Qxe5 Qxe5 21. Rxe5 b6 22. Bc1 Ke7 23. Ree1 Rhd8 24. f3 Bb5 25. b3 Bd3 26. Bxd3 Rxd3 27. Rxd3 Nxd3 28. Ba3+ Kf6 29. Rd1 Rd8 30. c4 e5 31. Bc1 Ke6 32. Be3 Rd7 33. Kf1 Nc5 34. Rxd7 Nxd7 35. Ke2 f5 36. b4 g5 37. Kd3 Kd6 38. h3 Kc6 39. g4 e4+ 40. Kd4 f4 41. Bxf4 gxf4 42. Kxe4 Kd6 43. h4 Ke6 44. h5 Ne5 45. c5 b5 46. a3 Nc6 47. Kxf4 Ne5 48. g5 hxg5+ 49. Kxg5 Nxf3+ 50. Kf4 Ne5 51. h6 Ng6+ 52. Ke4 Nf8 53. Kd4 Nh7 54. Ke4 a6 55. Kf4 Kf6 1/2-1/2

[Event "SWE-chT 0203"]
[Site "Sweden"]
[Date "2002.10.11"]
[Round "1"]
[White "Hellsten, Johan"]
[Black "Sanden, Stefan"]
[Result "1-0"]
[WhiteElo "2477"]
[BlackElo "2315"]
[PlyCount "99"]
[EventDate "2002.10.11"]
[EventType "team-tourn"]
[EventRounds "11"]
[EventCountry "SWE"]
[SourceTitle "EXT 2004"]
[Source "ChessBase"]
[SourceDate "2003.11.25"]
[SourceVersion "1"]
[SourceVersionDate "2003.11.25"]
[SourceQuality "1"]
[WhiteTeam "Limhamn"]
[BlackTeam "Passanten"]
[WhiteTeamCountry "SWE"]
[BlackTeamCountry "SWE"]

1. d4 Nf6 2. c4 g6 3. Nc3 d5 4. cxd5 Nxd5 5. e4 Nxc3 6. bxc3 Bg7 7. Bb5+ c6 8. Ba4 0-0 9. Ne2 c5 10. 0-0 Nc6 11. Be3 Na5 12. Rb1 cxd4 13. cxd4 Bd7 14. d5 Qe8 15. Bxd7 Qxd7 16. Bd4 e5 17. Bc3 Nc4 18. a4 Nd6 19. Bb4 Rab8 20. Nc3 Rfc8 21. Bxd6 Qxd6 22. Nb5 Qb6 23. Qd2 a6 24. a5 Qd8 25. Na3 Bf8 26. Rb3 Bd6 27. g3 Qe7 28. Nc2 Rc4 29. Qd3 Ra4 30. Ra1 Rxa1+ 31. Nxa1 Bb4 32. Nc2 Bxa5 33. d6 Qe6 34. Ne3 Bd8 35. Rc3 Bb6 36. Nd5 Qxd6 37. Qc4 Bd8 38. Rf3 b5 39. Qa2 Qe6 40. Rd3 a5 41. Qd2 Kg7 42. h4 h5 43. Ne3 Bb6 44. Nf5+ gxf5 45. Rd6 Qe7 46. exf5 Kg8 47. f6 Qf8 48. Qg5+ Kh7 49. Qf5+ Kh6 50. Qxe5 1-0

[Event "SWE-chT 9900"]
[Site "Sweden"]
[Date "2000.??.??"]
[Round "6"]
[White "Sanden, Stefan"]
[Black "Couso, Luis"]
[Result "0-1"]
[WhiteElo "2315"]
[BlackElo "2334"]
[PlyCount "68"]
[EventDate "1999.11.??"]
[EventType "team-tourn"]
[EventRounds "11"]
[EventCountry "SWE"]
[SourceTitle "EXT 2002"]
[Source "ChessBase"]
[SourceDate "2001.11.25"]
[SourceVersion "1"]
[SourceVersionDate "2001.11.25"]
[SourceQuality "1"]

1. e4 c5 2. Nf3 e6 3. d4 cxd4 4. Nxd4 Nc6 5. Nc3 a6 6. Nxc6 bxc6 7. Bd3 Nf6 8. 0-0 d5 9. Bg5 Be7 10. e5 Nd7 11. Bxe7 Qxe7 12. Qe2 Nc5 13. Kh1 Rb8 14. Nd1 0-0 15. c4 a5 16. Bc2 Ba6 17. b3 a4 18. f4 Rfd8 19. Nf2 dxc4 20. bxc4 Rd4 21. Qh5 g6 22. Qh6 Qf8 23. Qh4 h5 24. Rfd1 Rbd8 25. Rxd4 Rxd4 26. Rd1 Rxd1+ 27. Bxd1 Bxc4 28. f5 Bd5 29. f6 Qh6 30. Qd4 Qg5 31. Bf3 Qc1+ 32. Nd1 a3 33. h3 Nd7 34. Kh2 Qg5 0-1

[Event "SWE-chT 9899"]
[Site "Sweden"]
[Date "1999.??.??"]
[Round "10"]
[White "Berg, Emanuel"]
[Black "Sanden, Stefan"]
[Result "1-0"]
[WhiteElo "2387"]
[BlackElo "2311"]
[PlyCount "63"]
[EventDate "1998.??.??"]
[EventType "team-tourn"]
[EventRounds "11"]
[EventCountry "SWE"]
[SourceTitle "EXT 2000"]
[Source "ChessBase"]
[SourceDate "1999.11.16"]
[SourceVersion "1"]
[SourceVersionDate "1999.11.16"]
[SourceQuality "1"]

1. e4 c5 2. Nf3 e6 3. d4 cxd4 4. Nxd4 Nf6 5. Nc3 d6 6. g4 Nc6 7. g5 Nd7 8. h4 Be7 9. Be3 a6 10. Be2 0-0 11. Qd2 Nxd4 12. Qxd4 b5 13. Rg1 Qa5 14. a3 Rb8 15. Bd2 Qc7 16. h5 Qb6 17. Qxb6 Nxb6 18. 0-0-0 Bb7 19. Bf4 Rfd8 20. g6 Rbc8 21. Rg3 Nc4 22. Rdg1 Bf6 23. gxf7+ Kxf7 24. Bg5 Rg8 25. Bxf6 gxf6 26. Bg4 Ke7 27. h6 Rc5 28. f4 Rg6 29. Bf3 Rxg3 30. Rxg3 Rc7 31. Rg7+ Kd8 32. Bh5 1-0

[Event "Rilton Cup 26th"]
[Site "Stockholm"]
[Date "1996.??.??"]
[Round "7"]
[White "Borge, Nikolaj"]
[Black "Sanden, Stefan"]
[Result "1-0"]
[WhiteElo "2455"]
[BlackElo "2330"]
[PlyCount "71"]
[EventDate "1996.12.??"]
[EventType "swiss"]
[EventRounds "9"]
[EventCountry "SWE"]
[SourceTitle "CBM 057 Extra"]
[Source "ChessBase"]
[SourceDate "1997.05.01"]
[SourceVersion "1"]
[SourceVersionDate "1997.05.01"]
[SourceQuality "1"]

1. e4 c5 2. Nf3 e6 3. Nc3 Nc6 4. d4 cxd4 5. Nxd4 d6 6. Be3 Nf6 7. Bc4 a6 8. Qe2 Qc7 9. Bb3 Be7 10. 0-0-0 Na5 11. g4 b5 12. g5 Nxb3+ 13. axb3 Nd7 14. Nf5 b4 15. Nxe7 bxc3 16. Nxc8 cxb2+ 17. Kb1 Rxc8 18. Bd4 0-0 19. Bxb2 a5 20. Rd4 Nc5 21. Rhd1 a4 22. b4 a3 23. Ba1 a2+ 24. Kxa2 Ra8+ 25. Kb2 Qa7 26. Kc3 e5 27. Rc4 Qa3+ 28. Kd2 Ne6 29. Qd3 Qa6 30. Bb2 Nxg5 31. Kc1 Ne6 32. Rc3 Qa4 33. Qxd6 Nd4 34. Rxd4 exd4 35. Qxd4 Rfd8 36. Rc8 1-0

[Event "SWE-chT 9596"]
[Site "Sweden"]
[Date "1996.??.??"]
[Round "?"]
[White "Sanden, Stefan"]
[Black "Nordstrom, Felix"]
[Result "0-1"]
[WhiteElo "2330"]
[BlackElo "2220"]
[PlyCount "80"]
[EventDate "1995.??.??"]
[EventType "team-tourn"]
[EventRounds "9"]
[EventCountry "SWE"]
[SourceTitle "EXT 1998"]
[Source "ChessBase"]
[SourceDate "1997.11.17"]
[SourceVersion "1"]
[SourceVersionDate "1997.11.17"]
[SourceQuality "1"]

1. e4 c5 2. Nf3 e6 3. d4 cxd4 4. Nxd4 a6 5. Nc3 Qc7 6. Bd3 Nc6 7. Nxc6 dxc6 8. 0-0 e5 9. f4 Nf6 10. fxe5 Ng4 11. Qf3 Bc5+ 12. Kh1 0-0 13. Qg3 Bd4 14. Bf4 Bxe5 15. Bc4 b5 16. Bb3 Qe7 17. Rad1 Bxf4 18. Qxf4 Ne5 19. Ne2 Bg4 20. Rde1 Bxe2 21. Rxe2 Rad8 22. h3 Kh8 23. a4 f6 24. Qe3 Qb4 25. Qb6 Rb8 26. Qxa6 Ra8 27. Qb6 Rfb8 28. Qf2 bxa4 29. Be6 Qe7 30. Bf5 Rxb2 31. Qh4 g6 32. Bg4 a3 33. Ree1 a2 34. Ra1 Rab8 35. Qf2 Kg7 36. Kg1 R8b4 37. Kh2 Nxg4+ 38. hxg4 Rxe4 39. g5 fxg5 40. Kg1 Rf4 0-1

[Event "SWE-chT 9596"]
[Site "Sweden"]
[Date "1996.??.??"]
[Round "?"]
[White "Sanden, Stefan"]
[Black "Sjoberg, Mats"]
[Result "0-1"]
[WhiteElo "2330"]
[BlackElo "2445"]
[PlyCount "54"]
[EventDate "1995.??.??"]
[EventType "team-tourn"]
[EventRounds "9"]
[EventCountry "SWE"]
[SourceTitle "EXT 1998"]
[Source "ChessBase"]
[SourceDate "1997.11.17"]
[SourceVersion "1"]
[SourceVersionDate "1997.11.17"]
[SourceQuality "1"]

1. e4 c5 2. Nf3 Nc6 3. d4 cxd4 4. Nxd4 Qc7 5. Nc3 e6 6. f4 a6 7. Nxc6 Qxc6 8. Bd3 Bc5 9. Qg4 g6 10. f5 b5 11. Bg5 Bb7 12. fxg6 hxg6 13. 0-0-0 Bd6 14. h4 Be5 15. Rhf1 Rh7 16. Ne2 Qc5 17. Kb1 Rc8 18. Bf4 Nf6 19. Qf3 Nxe4 20. Bxe4 f5 21. Bxe5 Bxe4 22. Qg3 Bxc2+ 23. Ka1 Bxd1 24. Rxd1 Qc2 25. Qe1 Qe4 26. Bf6 d5 27. Rd4 Qxe2 0-1

[Event "SWE-chT 9596"]
[Site "Sweden"]
[Date "1996.??.??"]
[Round "?"]
[White "Wiedenkeller, Michael"]
[Black "Sanden, Stefan"]
[Result "1-0"]
[WhiteElo "2425"]
[BlackElo "2330"]
[PlyCount "127"]
[EventDate "1995.??.??"]
[EventType "team-tourn"]
[EventRounds "9"]
[EventCountry "SWE"]
[SourceTitle "EXT 1998"]
[Source "ChessBase"]
[SourceDate "1997.11.17"]
[SourceVersion "1"]
[SourceVersionDate "1997.11.17"]
[SourceQuality "1"]

1. d4 Nf6 2. c4 g6 3. Nc3 Bg7 4. e4 d6 5. f3 0-0 6. Bg5 Nc6 7. Nge2 a6 8. Qd2 Rb8 9. Rc1 Bd7 10. b3 Re8 11. d5 Na7 12. Be3 c5 13. dxc6 Nxc6 14. Nf4 Qa5 15. Ncd5 Qxd2+ 16. Kxd2 e6 17. Nb6 Rbd8 18. Nd3 Re7 19. g4 Be8 20. g5 Nd7 21. Bg2 Nd4 22. Nxd7 Bxd7 23. Rhd1 f5 24. gxf6 Bxf6 25. Nb4 Rf7 26. Kd3 Nc6 27. Nxc6 Bxc6 28. Bh3 Re7 29. Ke2 Ree8 30. Bb6 Rd7 31. Bd4 Bg5 32. Be3 Bf6 33. Bf4 Be5 34. Bxe5 dxe5 35. Rxd7 Bxd7 36. Rd1 Bc8 37. Rd6 Kf7 38. c5 Ke7 39. Bf1 h5 40. Ke3 g5 41. Be2 Rg8 42. h3 Rf8 43. Rb6 Rf4 44. c6 bxc6 45. Rxc6 Bd7 46. Rxa6 Rh4 47. Bf1 g4 48. fxg4 hxg4 49. hxg4 Rxg4 50. Be2 Rg3+ 51. Bf3 Rg1 52. Rb6 Rb1 53. Be2 Rb2 54. a3 Rb1 55. Bc4 Kd8 56. Rb4 Re1+ 57. Kd3 Rd1+ 58. Kc3 Rc1+ 59. Kd2 Rh1 60. a4 Rh4 61. Bd3 Rh2+ 62. Kc3 Ra2 63. Bb5 Bc8 64. Rc4 1-0

[Event "SWE-ch"]
[Site "Haparanda"]
[Date "1994.??.??"]
[Round "1"]
[White "Ernst, Thomas"]
[Black "Sanden, Stefan"]
[Result "0-1"]
[WhiteElo "2480"]
[BlackElo "2345"]
[PlyCount "69"]
[EventDate "1994.??.??"]
[EventType "tourn"]
[EventRounds "13"]
[EventCountry "SWE"]
[EventCategory "6"]
[SourceTitle "EXT 2000"]
[Source "ChessBase"]
[SourceDate "1999.11.16"]
[SourceVersion "1"]
[SourceVersionDate "1999.11.16"]
[SourceQuality "1"]

1. e4 e6 2. d4 d5 3. Nc3 Bb4 4. e5 c5 5. a3 Bxc3+ 6. bxc3 Ne7 7. Qg4 0-0 8. Bd3 f5 9. exf6 Rxf6 10. Bg5 Rf7 11. Qh5 g6 12. Qd1 Nbc6 13. Nf3 c4 14. Be2 Qf8 15. 0-0 Bd7 16. Qd2 Nf5 17. Rfe1 h6 18. Be3 Kh7 19. g3 Nd6 20. Bf4 Ne4 21. Qe3 g5 22. Be5 g4 23. Nh4 Nxe5 24. dxe5 Nxf2 25. Rf1 d4 26. cxd4 Nh3+ 27. Kh1 Bc6+ 28. Ng2 Rf3 29. Bxf3 gxf3 30. Nh4 f2+ 31. Ng2 Qf5 32. Rad1 Bd5 33. Rd2 Rf8 34. c3 Qg4 35. Qe2 0-1

[Event "SWE-ch"]
[Site "Haparanda"]
[Date "1994.??.??"]
[Round "11"]
[White "Jonsson, Mikael"]
[Black "Sanden, Stefan"]
[Result "1-0"]
[WhiteElo "2320"]
[BlackElo "2345"]
[PlyCount "83"]
[EventDate "1994.??.??"]
[EventType "tourn"]
[EventRounds "13"]
[EventCountry "SWE"]
[EventCategory "6"]
[SourceTitle "EXT 2000"]
[Source "ChessBase"]
[SourceDate "1999.11.16"]
[SourceVersion "1"]
[SourceVersionDate "1999.11.16"]
[SourceQuality "1"]

1. d4 Nf6 2. g3 g6 3. Bg2 Bg7 4. e4 d6 5. Nc3 0-0 6. Nge2 Na6 7. h3 c5 8. Be3 cxd4 9. Bxd4 Nc5 10. e5 Nfd7 11. exd6 e5 12. Be3 Rb8 13. Qd2 b6 14. Nd5 Bb7 15. Nec3 Ne6 16. h4 Nf6 17. Ne7+ Kh8 18. Bxb7 Rxb7 19. Nc6 Qe8 20. Nxe5 Nc5 21. f4 Qe6 22. 0-0-0 Nfe4 23. Qd5 Nxg3 24. Rhe1 Qxd5 25. Rxd5 Nd7 26. Nb5 Nf5 27. c4 Nxe5 28. fxe5 Nxe3 29. Rxe3 Bh6 30. Kd2 Rc8 31. Kd3 Bxe3 32. Kxe3 Kg7 33. Nc3 Rbb8 34. Kd4 h6 35. Ne4 Kf8 36. Nf6 Rd8 37. b4 g5 38. hxg5 hxg5 39. Nh7+ Kg7 40. Nxg5 Kg6 41. Ne4 Kf5 42. e6+ 1-0

[Event "SWE-chT 9394"]
[Site "Sweden"]
[Date "1994.??.??"]
[Round "9"]
[White "Pepic, Rizo"]
[Black "Sanden, Stefan"]
[Result "1-0"]
[WhiteElo "2285"]
[BlackElo "2340"]
[PlyCount "87"]
[EventDate "1993.??.??"]
[EventType "team-tourn"]
[EventRounds "9"]
[EventCountry "SWE"]
[SourceTitle "EXT 2000"]
[Source "ChessBase"]
[SourceDate "1999.11.16"]
[SourceVersion "1"]
[SourceVersionDate "1999.11.16"]
[SourceQuality "1"]

1. d4 Nf6 2. c4 g6 3. Nc3 Bg7 4. e4 d6 5. f3 0-0 6. Be3 e5 7. d5 Nh5 8. g4 Nf4 9. Qd2 Qh4+ 10. Bf2 Qe7 11. Nge2 c5 12. dxc6 bxc6 13. Nxf4 exf4 14. 0-0-0 Be5 15. Bd4 Qb7 16. Bxe5 dxe5 17. Qd6 Nd7 18. g5 Re8 19. h4 Qb6 20. Rd2 Re6 21. Qd3 Nf8 22. Na4 Qa5 23. b3 Rb8 24. Qc3 Rb4 25. Rc2 Re7 26. a3 Rxa4 27. bxa4 Qxa4 28. Qb4 Qxb4 29. axb4 c5 30. b5 Rc7 31. Ra2 Ne6 32. Bh3 Bd7 33. Bxe6 Bxe6 34. Ra4 Kg7 35. Kc2 h6 36. Rha1 Rd7 37. Rd1 Rc7 38. Rd6 hxg5 39. hxg5 Rc8 40. Kd3 Bh3 41. Rxa7 Bf1+ 42. Kc3 Be2 43. Rdd7 Rf8 44. Rxf7+ 1-0

[Event "SWE-ch"]
[Site "Haparanda"]
[Date "1994.??.??"]
[Round "8"]
[White "Sanden, Stefan"]
[Black "Brynell, Stellan"]
[Result "0-1"]
[WhiteElo "2345"]
[BlackElo "2485"]
[PlyCount "72"]
[EventDate "1994.??.??"]
[EventType "tourn"]
[EventRounds "13"]
[EventCountry "SWE"]
[EventCategory "6"]
[SourceTitle "EXT 2000"]
[Source "ChessBase"]
[SourceDate "1999.11.16"]
[SourceVersion "1"]
[SourceVersionDate "1999.11.16"]
[SourceQuality "1"]

1. e4 e6 2. d4 d5 3. Nc3 Nf6 4. Bg5 Bb4 5. e5 h6 6. Bd2 Bxc3 7. bxc3 Ne4 8. Qg4 g6 9. Bd3 Nxd2 10. Kxd2 c5 11. Nf3 Nc6 12. Rhb1 c4 13. Be2 Rb8 14. h4 b5 15. a3 a5 16. h5 g5 17. Qg3 f5 18. exf6 Qxf6 19. Qd6 Qf4+ 20. Qxf4 gxf4 21. Nh4 Ne7 22. Rb2 Bd7 23. Rab1 Kd8 24. g3 Kc7 25. gxf4 Rhg8 26. Nf3 Rbf8 27. Ne5 Be8 28. a4 Rxf4 29. axb5 Rxf2 30. Rf1 Rh2 31. b6+ Kb7 32. Nf7 Nf5 33. Nd8+ Kb8 34. Nxe6 Bxh5 35. Nf4 Bxe2 36. Nxe2 Re8 0-1